| 000 | 01658nam a2200313 a 4500 | ||
|---|---|---|---|
| 001 | 000012789 | ||
| 003 | DO-SdBNP | ||
| 005 | 20251106084539.0 | ||
| 008 | 091013s1989 dr a 000 0 spa d | ||
| 040 |
_aDO-SdBNP _bSpa _cBNPHU |
||
| 082 |
_axxx _bxxxx |
||
| 100 | 1 |
_aPelaez de Bautista, Adriana _929593 |
|
| 245 | 1 | 0 |
_aMatemática hoy : _beducación básica / _cAdriana Pelaez de Bautista, Francisca Juana Lugo de De León, Noemí Rodríguez de Uffre. |
| 250 | _a2a ed. | ||
| 260 |
_aSanto Domingo : _bPlan Social Educativo _bSAVICA, _c1989. |
||
| 300 |
_a8 v. : _bil. ; _c28 cm. |
||
| 500 | _aLa biblioteca solamente posee el volumen 1. | ||
| 500 | _aEducación básica | ||
| 505 | 0 |
_gv. 1 : _tApresto -- _tLos conjuntos y sus elementos -- _tEl cardinal de un conjunto y su gráfica -- _tLa sucesión de los cardinales hasta el diez -- _tUnión de conjuntos disjuntos -- _tAdición de cardinales menores que 100 -- _tSustracción de cardinales menores que 100 -- _tIdea intuitiva de multiplicación -- _tIdea intuitiva de división -- _tPartes de la unidad: la mitad, la tercera y la cuarta parte -- _tFiguras geométricas -- _tLongitud, capacidad. Las mediciones -- _tTiempo -- _tMonedas -- |
|
| 650 | 4 |
_aMatemáticas _xEnseñanza _926423 |
|
| 650 | 0 |
_aÁlgebra _xEnseñanza _925976 |
|
| 650 | 4 |
_aÁlgebra _925976 _xProblemas, ejercicios, etc. |
|
| 650 | 4 |
_aEcuaciones lineales _xProblemas, ejercicios, etc. _926424 |
|
| 650 | 4 |
_aMatemáticas _xProblemas, ejercicios, etc. _919473 |
|
| 700 | 1 |
_aLugo de De León, Fracisca Juana _929594 |
|
| 700 | 1 |
_aRodríguez de Uffre, Noemí _929595 |
|
| 710 | 1 | 2 |
_aInstituto de Auxilios y Viviendas _929596 |
| 942 |
_2ddc _cLBS1 |
||
| 999 |
_c12440 _d12440 |
||